Župa ukončila už aj kolaudáciu trate Dúhy električkám nič nebráni v návrate

Bibliographic Details
Main Author: Jabrik, Peter (Author)
Format: Article
Language:Slovak
PhysicalDescription:Fotogr.
ISSN:1338-659X
Subjects:
Online Access:http://kosice.korzar.sme.sk/c/8106326/zupa-ocakava-kolaudacne-rozhodnutie-stavby-duhy-dnes.html

MARC

LEADER 00000nab a2200000 a 4500
001 vtls011429597
003 SK-MaSNL
005 20260303192259.0
008 171108c20151218xo drz 0 0slo
038 |a KEVKJB 
040 |a KEVKJB  |b slo  |c KEVKJB  |e AACR2 
041 0 |a slo 
044 |a xo  |c SK 
080 |a 625.46  |2 2001 
100 1 |a Jabrik, Peter  |4 aut  |9 879309 
245 1 0 |a Župa ukončila už aj kolaudáciu trate Dúhy  |b električkám nič nebráni v návrate  |c Peter Jabrik 
300 |b Fotogr. 
610 2 7 |a Dúha (Prešov, Slovensko)  |2 kevkjb  |9 1096252 
610 2 7 |a Košický samosprávny kraj (Slovensko).  |b Úrad  |2 kevkjb  |9 30611 
650 0 7 |a električkové trate  |x rekonštrukcie  |2 kevkjb  |9 1050806 
651 7 |a Košice (Slovensko)  |2 kevkjb  |9 18694 
773 0 |t Korzár : denník Košického kraja  |g Roč. XVIII., č. 293 (18.12.2015) s. 2  |x 1338-659X 
852 |a KEVKJB  |b KIS3GCP 
856 4 1 |u http://kosice.korzar.sme.sk/c/8106326/zupa-ocakava-kolaudacne-rozhodnutie-stavby-duhy-dnes.html 
999 |c 2145331  |d 2147261